El nuevo institucionalismo : la teoría institucional en ciencia política /

En la última década se ha intensificado notablemente el interés por la teoría institucional y el análisis institucional en ciencias políticas. Existe, no obstante, una gran diversidad de enfoques del «nuevo institucionalismo», que rara vez abordan los mismos temas. Esta dispersión intelectual parece...

Full description

Bibliographic Details
Main Author: Peters, B. Guy
Format: Libro
Language:Spanish
Published: Barcelona Gedisa 2003
Edition:1a. ed.
Series:Ciencia política 4
Subjects:
Online Access:

MARC

LEADER 00000cam a2200000 a 4500
001 006919
003 UAHC_CL
005 20170803120309.0
008 090904s2003 sp 000 spa
020 |a 847432887X 
040 |a UAHC_CL  |c UAHC_CL  |d UAHC_CL 
082 0 4 |a 320.01  |b P481  |2 21 
100 1 |a Peters, B. Guy 
245 1 3 |a El nuevo institucionalismo :  |b la teoría institucional en ciencia política /  |c B. Guy Peters ; [traducción Verónica Tirotta]. 
250 |a 1a. ed. 
260 |b Gedisa  |a Barcelona  |c 2003 
300 |a 254 p. 
490 0 |a Ciencia política  |v 4 
520 |a En la última década se ha intensificado notablemente el interés por la teoría institucional y el análisis institucional en ciencias políticas. Existe, no obstante, una gran diversidad de enfoques del «nuevo institucionalismo», que rara vez abordan los mismos temas. Esta dispersión intelectual parece haber retrasado el desarrollo de una teoría institucional más amplia. 
650 4 |a instituciones publicas 
650 4 |a CIENCIAS POLITICAS  |x METODOLOGIA 
653 |a CIENCIAS POLITICAS 
900 |a 320.01 PET 
942 |c BK 
952 |0 0  |1 0  |4 0  |6 320_010000000000000_PET  |7 0  |8 General  |9 15072  |a BC  |b BC  |c General  |d 2017-08-03  |l 6  |m 14  |o 320.01 PET  |p 1373896  |r 2026-01-13 00:00:00  |s 2019-08-29  |t 1  |w 2017-08-03  |x Rayado con lápiz mina CBB 16.10.2018  |y BK 
999 |c 6919  |d 6919